| 000 | 00549nam a2200169 a 4500 | ||
|---|---|---|---|
| 008 | 120416s1984 ||||||||||||||||| || u | ||
| 020 | _a0333350898 | ||
| 050 | _aHF 5351 Now | ||
| 100 | _aNwokoye, Nonyelu G | ||
| 245 | 1 | 0 | _aIntroduction to business management |
| 260 |
_aLondon _bMacmillan _c1984 |
||
| 300 | _aix, 203p. : ill. | ||
| 350 | _a0.00 | ||
| 650 | 0 | _aBUSINESS | |
| 650 | 0 | _aMANAGEMENT | |
| 995 |
_D0.00 _FCBU-MAIN LIBRARY (Kitwe) _H1 _I8.99 _M1 _UDAMAGED _ZMain Library Open Access Collection |
||
| 999 |
_c47640 _d47640 |
||